Berühmte Personen aus Bremen - Statistiken

Allgemein
  • Dieses Quiz wurde 122 mal gespielt
  • Das Durchschnittsergebnis liegt bei 5 aus 20
Antwortstatistiken
Bildquiz Antwort % Korrekt
Jan Böhmermann
88%
Nico Santos
65%
Angelique Kerber
53%
Kevin Behrens
34%
James Last
33%
Heino Ferch
32%
Bärbel Schäfer
27%
Karl Carstens
25%
Meret Becker
24%
Coldmirror
20%
Hans Koschnick
14%
Henning Scherf
11%
Jens Böhrnsen
5%
Nina Müller
5%
Gesche Gottfried
4%
Adolf Lüderitz
2%
Friedrich Gerhard Rohlfs
2%
Fritz Schumacher
2%
Ludwig Quidde
2%
T-Seven
2%
Keine übereinstimmenden Quizze gefunden
Verteilung der Resultate
Anzahl Personen mit jedem Resultat
Perzentil nach korrekt beantworteten Fragen
Ihre Resultats-Entwicklung
Sie haben dieses Quiz noch nicht gespielt